Responses for Show #8562 - Tuesday, January 25, 2022

Amy Schneider game 40.

Contestants

[<< previous game]

Maria Krasinski, a managing director and illustrator from Buffalo, New York

John Williams, a biology professor from Albany, Georgia

Amy Schneider, an engineering manager from Oakland, California (whose 39-day cash winnings total $1,319,800)

[next game >>]

Jeopardy! Round responses

SEE LIFE
NATIONAL ANTHEM LYRICS
(Ken: You'll have to name the country.)
SIGNS OF THE ZODIAC
WOMEN IN POLITICS
SPORTS ON TV
TIME TO GET A "HEAD"
    $200 16
dachshund

John
    $200 1
Australia

John
    $200 21
Aries

Amy
    $200 11
Elizabeth Warren

Maria
    $200 2
the Golf Channel

Amy
    $200 26
overhead

John
    $400 17
a teepee

Amy
    $400 7
Colombia

Amy
    $400 22
Sagittarius

Maria
    $400 12
Liz Cheney

Amy
    $400 3
a 7-10 split

Amy
    $400 27
a headline

Amy
    $600 18
the esophagus

John
    $2,400 8
Canada

Amy
    $600 23
(Maria: What is Taurus?)

Virgo

AmyMaria
    $600 13
Pelosi

Maria
    $600 4
the draft lottery

Amy
    $600 28
the warhead

Amy
    $800 19
bananas Foster

Amy
    $800 9
Poland

Amy
    $800 24
(Ken: Yes, the scales.)

Libra

Amy
    $800 14
Murkowski

Amy
    $800 5
Murdoch

Amy
    $800 29
headwaters

Maria
    $1000 20
batik

Amy
    $1000 10
Norway

Amy
    $1000 25
Castor & Pollux

Amy
    $1000 15
Atlanta

John
    $1000 6
Kenny Mayne

Triple Stumper
    $1000 30
a copperhead

Amy

Scores at the first commercial break (after clue 15):

Amy John Maria
$7,800 $1,200 $800

Scores at the end of the Jeopardy! Round:

Amy John Maria
$14,600 $2,200 $1,400

Double Jeopardy! Round responses

"C" LIFE
BOOKS WITH HORSEPOWER
FRENCH ART & ARTISTS
THIS WILL FLOOR YOU
MOVIES THAT MENTION THEIR TITLES
A QUICK & DIRTY CATEGORY
    $400 7
(Butch) Cassidy

John
    $400 23
National Velvet

John
    $400 1
Toulouse-Lautrec

Amy
    $400 21
cork

Maria
    $400 6
Fight Club

John
    $400 16
a pigsty

Amy
    $800 8
Caligula

Amy
    $1,500 24
(John: Uh... who is Lonesome Dove?)

The Horse Whisperer

John
    $5,000 2
(Ken: Thinking about his Inferno, that's right.)

Dante

Amy
    $800 22
vinyl

John
    $800 12
Black Swan

Amy
    $800 17
stain

Amy
    $1200 9
(John: What is Comanche?)

Cochise

John
Triple Stumper
    $1200 25
Misty

Amy
    $1200 3
Gauguin

Amy
    $1200 28
laminate

Amy
    $1200 13
(Maria: What is love? Actually.)
(Ken: [Simultaneous to Maria completing her response] No. Oh, just in time.)

Love Actually

Maria
    $1200 18
unkempt

Amy
    $1600 10
Neville Chamberlain

Amy
    $1600 26
Rocinante

Amy
    $1600 4
David

Amy
    $1600 29
porcelain

Maria
    $1600 14
Soylent Green

Maria
    $1600 19
sully

Amy
    $2000 11
Cunard

Amy
    $2000 27
Equus

Amy
    $2000 5
(Maria: Who is Cassatt?)

Berthe Morisot

Maria
Triple Stumper
    $2000 30
(Maria: What is... terra cotta?)

travertine

Maria
Triple Stumper
    $2000 15
Inception

Triple Stumper
    $2000 20
besmirch

Triple Stumper

Scores at the end of the Double Jeopardy! Round:

Amy John Maria
$38,000 $1,500 $2,200
(lock game)

[wagering suggestions for these scores]

Final Jeopardy! Round responses

SEA LIFE
(Ken: [To John] Rising sea temperatures are endangering coral reefs.)
JohnWhat is the Great Barrier Reef?
$1,499
MariaWhat is the Great Barrier Reef?
$801
AmyWhat is the Great Barrier Reef?
$25,000
the Great Barrier Reef

Final scores:

Amy John Maria
$63,000 $2,999 $3,001
40-day champion: $1,382,800 3rd place: $1,000 2nd place: $2,000

Game dynamics:

Coryat scores:

Amy John Maria
$32,000 $3,000 $2,200
36 R
(including 2 DDs),
0 W
9 R,
2 W
(including 1 DD)
8 R,
3 W

Combined Coryat: $37,200

[game clues] [game scores] [suggest correction]

Game tape date: 2021-11-09
The J! Archive is created by fans, for fans. Scraping, republication, monetization, and malicious use prohibited; this site may use cookies and collect identifying information. See terms. The Jeopardy! game show and all elements thereof, including but not limited to copyright and trademark thereto, are the property of Jeopardy Productions, Inc. and are protected under law. This website is not affiliated with, sponsored by, or operated by Jeopardy Productions, Inc. Join the discussion at JBoard.tv.